| 000 | 01019nas a2200337 4500 | ||
|---|---|---|---|
| 001 | BR0900513 | ||
| 003 | BR-BrBNA | ||
| 005 | 20231205113047.0 | ||
| 007 | ta | ||
| 008 | 230509b bl.|||p| |||| 00| 00por d | ||
| 040 |
_aBR-BrBNA _bpor _cBiblioteca Nacional de Agricultura |
||
| 041 | _a(Pt) | ||
| 072 | _aL73; M12 | ||
| 100 | 1 | _aJatobá, A. | |
| 100 | 1 | _aVieira, F. do N. | |
| 100 | 1 | _aBuglione Neto, C. | |
| 100 | 1 | _aSilva, B.C. | |
| 100 | 1 | _aMouriño, J.L.P. | |
| 100 | 1 | _aJerônimo, G.T. | |
| 100 | 1 | _aDotta, G. | |
| 100 | 1 | _aMartins, M.L. | |
| 245 | 1 | _aUtilização de bactérias ácido-lácticas isoladas do trato intestinal de tilápia-do-nilo como probiótico | |
| 650 | _aTILÁPIA NILÓTICA | ||
| 650 | _aBACTÉRIA | ||
| 650 | _aINFECÇÃO | ||
| 650 | _aPISCICULTURA | ||
| 650 | _aHEMATOLOGIA | ||
| 773 | 0 |
_tPesquisa Agropecuária Brasileira (Brazil) _xISSN 0100-204X _g(Sep 2008), v. 43(9) p. 1201-1207 _wBR0900513 |
|
| 909 |
_a202311 _bLúcia _c55 _dLúcia Elande |
||
| 942 |
_2AGRIS _n0 _cANA |
||
| 999 |
_c201597 _d201597 |
||